| 000 | 00000cas 2200000zi 4500 |
| 001 | 9.963105 |
| 003 | CaOODSP |
| 005 | 20260601141716 |
| 006 | m o d f |
| 007 | cr cn |||||||| |
| 008 | 260526d19721976oncmr p o f0### 0eng|d |
| 022 | |y0700-1134 |
| 040 | |aCaOODSP|beng|erda|cCaOODSP |
| 043 | |an-cn--- |
| 086 | 1 |aRE31-3E-PDF |
| 245 | 00|aReport on regional development incentives. |
| 264 | 1|a[Ottawa] : |bRegional Economic Expansion = Expansion économique régionale, |c[1972-1976] |
| 310 | |aMonthly |
| 336 | |atext|btxt|2rdacontent |
| 337 | |acomputer|bc|2rdamedia |
| 338 | |aonline resource|bcr|2rdacarrier |
| 362 | 1 |aBegan with: June 1972; ceased with: December 1976. |
| 500 | |aIssued also in French under title: Rapport subventions au développement régional. |
| 500 | |aDigitized edition from print [produced by Innovation, Science and Economic Development Canada]. |
| 588 | |aDescription based on: June 1972; title from PDF cover page. |
| 588 | |aLatest issue consulted: December 1976. |
| 650 | 0|aIndustrial promotion|zCanada|vPeriodicals. |
| 650 | 0|aSubsidies|zCanada|vPeriodicals. |
| 655 | 7|aPeriodicals|2lcgft |
| 710 | 1 |aCanada. |bDepartment of Regional Economic Expansion, |eissuing body. |
| 710 | 1 |aCanada. |bRegional Economic Expansion, |eissuing body. |
| 775 | 08|tRapport subventions au développement régional.|w(CaOODSP)9.963104 |
| 780 | 00|tReport on the operation of the Regional Development Incentives Act.|w(CaOODSP)9.963110 |
| 785 | 00|tMonthly report to Parliament on regional development incentives = |w(CaOODSP)9.963003 |